Acuerdos del Consejo Superior. Período 2000
Збережено в:
| Співавтор: | |
|---|---|
| Формат: | Книга |
| Мова: | Іспанська |
| Опубліковано: |
Valparaíso
Universidad Católica de Valparaíso, Consejo Superior
2001
|
| Редагування: | 1a. ed |
| Предмети: | |
| Теги: |
Додати тег
Немає тегів, Будьте першим, хто поставить тег для цього запису!
|
MARC
| LEADER | 00000nam a2200000 a 4500 | ||
|---|---|---|---|
| 001 | UCJ8197 | ||
| 003 | CL-VaPUC | ||
| 008 | 070124e20010000CL |||||||||||||||||spa|d | ||
| 082 | 0 | 4 | |a 378 |b UNI |2 21 |
| 110 | 2 | |a Universidad Católica de Valparaíso |e author |9 516914 | |
| 245 | 1 | 0 | |a Acuerdos del Consejo Superior. Período 2000 |
| 250 | |a 1a. ed | ||
| 300 | |a 123 p | ||
| 942 | |c BK | ||
| 945 | |d 20070124 00:00:00 |a rinostro | ||
| 260 | |a Valparaíso |b Universidad Católica de Valparaíso, Consejo Superior |c 2001 | ||
| 650 | 0 | |a Universidades chilenas |9 407335 | |
| 650 | 0 | |a Archivo histórico PUCV |9 255554 | |
| 650 | 7 | |a DOCUMENTOS |2 CL-VaPUC |9 366450 | |
| 583 | |a last modification |c 20070124 00:00:00 |k Rodrigo Vera | ||
| 999 | |c 323986 |d 323984 | ||
| 952 | |0 0 |1 0 |4 0 |6 378_000000000000000_UNI_2001 |7 0 |8 X |9 403864 |a FDOBUD |b FDOBUD |d 2019-11-22 |i 1074296 |o 378 UNI 2001 |p 1074296 |r 2019-11-22 |w 2019-11-22 |y BK_X |k FHP | ||